Farmer's views and perceptions about cropland agroforestry promotion in Rangpur district of Bangladesh / Ms Thesis (Record no. 13706)

MARC details
000 -LEADER
fixed length control field 01054nam a22002657a 4500
003 - CONTROL NUMBER IDENTIFIER
control field BD-DhSAU
005 - DATE AND TIME OF LATEST TRANSACTION
control field 20181205121918.0
008 - FIXED-LENGTH DATA ELEMENTS--GENERAL INFORMATION
fixed length control field 151104b2015 bg ||||| |||| 001 0 eng d
040 ## - CATALOGING SOURCE
Original cataloging agency BD-DhSAU
082 ## - DEWEY DECIMAL CLASSIFICATION NUMBER
Edition number 22
Classification number 634.9
Item number M473
100 ## - MAIN ENTRY--PERSONAL NAME
Personal name Mehedi, R.A.
Relator code REGISTRATION NO. # 09-03662
245 ## - TITLE STATEMENT
Title Farmer's views and perceptions about cropland agroforestry promotion in Rangpur district of Bangladesh / Ms Thesis
Statement of responsibility, etc. , R.A. Mehed
260 ## - PUBLICATION, DISTRIBUTION, ETC. (IMPRINT)
Place of publication, distribution, etc. Sher-e-Bangla Agricultural Uniersity :
Name of publisher, distributor, etc. Department of Agroforestry and Environmental Science,
Date of publication, distribution, etc. 2015
300 ## - PHYSICAL DESCRIPTION
Extent x, 71 p. :
Other physical details ill. ;
Dimensions 30 cm.
504 ## - BIBLIOGRAPHY, ETC. NOTE
Bibliography, etc Includes references.
590 ## - Name of Cataloguer
Name of Cataloger kamim
650 ## - SUBJECT ADDED ENTRY--TOPICAL TERM
Topical term or geographic name as entry element Agroforestry
650 ## - SUBJECT ADDED ENTRY--TOPICAL TERM
Topical term or geographic name as entry element Farmer's views and perceptions about cropland
650 ## - SUBJECT ADDED ENTRY--TOPICAL TERM
Topical term or geographic name as entry element cropland agroforestry promotion in Rangpur district
650 ## - SUBJECT ADDED ENTRY--TOPICAL TERM
Topical term or geographic name as entry element Bangladesh
700 ## - ADDED ENTRY--PERSONAL NAME
Personal name Hossain, Md. Forhad
Relator term Supervisor
700 ## - ADDED ENTRY--PERSONAL NAME
Personal name Naher, Nazmun
Relator term Co-Supervisor
856 ## - ELECTRONIC LOCATION AND ACCESS
Uniform Resource Identifier <a href="http://archive.saulibrary.edu.bd:8080/xmlui/handle/123456789/1794">http://archive.saulibrary.edu.bd:8080/xmlui/handle/123456789/1794</a>
Link text Online Access
942 ## - ADDED ENTRY ELEMENTS (KOHA)
Source of classification or shelving scheme Dewey Decimal Classification
Koha item type MS Level Thesis
Holdings
Withdrawn status Lost status Source of classification or shelving scheme Damaged status Not for loan Collection code Home library Branch Name Shelving location Date acquired Total Checkouts Full call number Barcode Date last seen Price effective from Koha item type
    Dewey Decimal Classification   Not For Loan Reference SAU Library SAU Library Reference 08/12/2016   634.9 M473 39857 20/12/2016 20/12/2016 MS Level Thesis